Quiz o Nepalu - Statystyki

Ogólne statystyki
  • Ten quiz został rozwiązany 943 razy
    939 od ostatniego zresetowania
  • Średni wynik to 12 z 20
Statystyki odpowiedzi
Wskazówka Odpowiedź % Poprawnych
Najwyższy szczyt Nepalu, zarazem największy szczyt świata Mount {Everest}
99%
Pasmo górskie pokrywające większość Nepalu Himalaje
94%
Państwa graniczące z Nepalem Chiny
92%
Państwa graniczące z Nepalem Indie
91%
Stolica Katmandu
88%
Flaga Nepalu to jedyna flaga narodowa na świecie, która nie jest... Prostokątem
86%
Religia, którą wyznaje ponad 80% populacji Hinduizm
74%
Rodzaj klęski żywiołowej, która dotknęła Nepal w 2015 roku Trzęsienie Ziemi
74%
Mówi się, że to mityczne stworzenie zamieszkuje góry Nepalu Yeti
71%
Owłosione zwierzę podobne do bydła, którego mleko jest przetwarzane na ser Jak
63%
Najpopularniejszy sport Krykiet
58%
Słynny duży masyw w środkowym Nepalu i 10. najwyższy szczyt świata Anna{purna}
51%
Przywódca religijny, który urodził się w południowym Nepalu około 480 prne Budda Siakjamuni
50%
Grupa etniczna będąca doskonałymi alpinistami Szerpowie
48%
Waluta Nepalu Rupia nepalska
46%
Pierwsi ludzie, którzy zdobyli ten szczyt Edmund Hillary
37%
Największa partia polityczna Partia {Komunistyczna}Nepalu
36%
Pierwsi ludzie, którzy zdobyli ten szczyt Tenzing Norgay
26%
Zostało to zniesione w 2008 roku po wyborach do Zgromadzenia Ustawodawczego Monarchia
22%
Określenie nepalskiego żołnierza werbowanego do armii brytyjskiej Gurkha
15%
Nie znaleziono quizów pasujących do podanych kryteriów
Rozkład punktacji
Procent ludzi z każdym wynikiem
Percentyl według liczby udzielonych odpowiedzi
Twoja historia wyników
Nie rozwiązałeś tego quizu od ostatniego zresetowania